Algebra I : basic notions of algebra
Saved in:
| Other Authors: | , |
|---|---|
| Format: | Book |
| Language: | English Russian |
| Published: |
Berlin :
Springer-Verlag,
c1990.
|
| Series: | Encyclopaedia of mathematical sciences ;
11 |
| Subjects: | |
| Tags: |
Add Tag
No Tags, Be the first to tag this record!
|
MARC
| LEADER | 00000cam a2200000 i 4500 | ||
|---|---|---|---|
| 001 | 1/64357 | ||
| 008 | 941103s1990 gw | ||| |||| ||eng|| | ||
| 020 | |a 3540170065 | ||
| 035 | |a 1993 |c ΧΑΤΖΗΣΑΒΒΑΣ |l 10046950 | ||
| 040 | |a GR-MyUA |b gre |e AACR2 | ||
| 041 | 1 | |a eng |h rus | |
| 082 | 0 | |a 512 | |
| 245 | 1 | 0 | |a Algebra I : |b basic notions of algebra / |c A.I. Kostrikin, I.R. Shafarevich. |
| 246 | 3 | 3 | |i Άλλες παραλλαγές του τίτλου: |a Basic notions of algebra |
| 260 | |a Berlin : |b Springer-Verlag, |c c1990. | ||
| 300 | |a 258 σ. ; |c 24 εκ. | ||
| 490 | 1 | |a (Encyclopaedia of mathematical sciences |v ; 11) | |
| 500 | |a Τίτλος πρωτοτύπου: Sorvemennye problemy matematiki, FundamenItogi nauki tekhniki,tal'nye napravleniya. | ||
| 504 | |a Περιέχει βιβλιογραφικές αναφορές και ευρετήριο. | ||
| 650 | 0 | 0 | |a Algebra. |
| 700 | 1 | |a Kostrikin, Aleksei Ivanovich, |e edt | |
| 700 | 1 | |a Shafarevich, I. R. |q (Igor Rostislavovich), |d 1923-2017, |e edt | |
| 830 | 0 | |a Encyclopaedia of mathematical sciences ; |v 11 | |
| 852 | |a INST |b SAMOS |e 19941103 |h 512 ALG |p 005300003051 |q 005300003051 |t BK |y 0 | ||
| 909 | |a Σ |b 026840 | ||